[Event "Palafrugell Gelpi Memorial 30th"]
[Site "Palafrugell"]
[Date "2017.11.18"]
[Round "9"]
[White "Coronado Iruela, Manuel"]
[Black "Parals Marce, Luis"]
[Result "1/2-1/2"]
[WhiteElo "2054"]
[BlackElo "2061"]
[PlyCount "60"]
[EventDate "2017.09.23"]
[EventType "swiss"]
[EventRounds "9"]
[EventCountry "ESP"]
[SourceTitle "CBM 187 Extra"]
[Source "ChessBase"]
[SourceDate "2018.11.04"]
[SourceVersion "1"]
[SourceVersionDate "2018.11.04"]
[SourceQuality "1"]

1. b3 d5 2. e3 Nf6 3. Bb2 e6 4. f4 Be7 5. Nf3 0-0 6. Be2 c5 7. 0-0 Nc6 8. Ne5 Qc7 9. d3 Nd7 10. Nxc6 Qxc6 11. Nd2 Bf6 12. Bxf6 Nxf6 13. Qe1 Qb6 14. Qf2 Qb4 15. Bf3 Qc3 16. Rfc1 b5 17. Nf1 Bd7 18. Qd2 Qxd2 19. Nxd2 Rab8 20. g3 a5 21. e4 Rfc8 22. e5 Ne8 23. c4 bxc4 24. dxc4 d4 25. Kf2 Bc6 26. Rab1 Bxf3 27. Kxf3 Rb6 28. Ne4 f5 29. Nf2 Nc7 30. Nd3 Na6 1/2-1/2

[Event "Palafrugell Gelpi Memorial 30th"]
[Site "Palafrugell"]
[Date "2017.11.04"]
[Round "7"]
[White "Coronado Iruela, Manuel"]
[Black "Mato Bonany, Joan"]
[Result "1/2-1/2"]
[WhiteElo "2054"]
[BlackElo "1840"]
[PlyCount "45"]
[EventDate "2017.09.23"]
[EventType "swiss"]
[EventRounds "9"]
[EventCountry "ESP"]
[SourceTitle "CBM 187 Extra"]
[Source "ChessBase"]
[SourceDate "2018.11.04"]
[SourceVersion "1"]
[SourceVersionDate "2018.11.04"]
[SourceQuality "1"]

1. b3 e5 2. Bb2 Nc6 3. e3 Nf6 4. Bb5 d6 5. Nf3 Bd7 6. 0-0 Be7 7. d3 0-0 8. Nbd2 a6 9. Bxc6 Bxc6 10. e4 b5 11. Re1 Bb7 12. Nf1 c5 13. Ng3 Bc8 14. h3 Ne8 15. Qd2 f5 16. exf5 Bxf5 17. Nxf5 Rxf5 18. Qe3 Nc7 19. a4 b4 20. Rad1 Qf8 21. Bc1 Nd5 22. Qe4 Nc3 23. Qc6 1/2-1/2

[Event "Palafrugell Gelpi Memorial 30th"]
[Site "Palafrugell"]
[Date "2017.10.14"]
[Round "4"]
[White "Blanco Esquena, Ramon"]
[Black "Coronado Iruela, Manuel"]
[Result "1-0"]
[WhiteElo "1679"]
[BlackElo "2054"]
[PlyCount "70"]
[EventDate "2017.09.23"]
[EventType "swiss"]
[EventRounds "9"]
[EventCountry "ESP"]
[SourceTitle "CBM 187 Extra"]
[Source "ChessBase"]
[SourceDate "2018.11.04"]
[SourceVersion "1"]
[SourceVersionDate "2018.11.04"]
[SourceQuality "1"]

1. e4 c6 2. d4 g6 3. Nf3 d5 4. e5 Bg7 5. Bd3 Bg4 6. h3 Bxf3 7. Qxf3 e6 8. 0-0 h5 9. c3 Nh6 10. Na3 Nd7 11. Nc2 Nf5 12. Ne3 Qe7 13. b4 a5 14. b5 c5 15. a4 cxd4 16. Nxf5 gxf5 17. cxd4 Bf8 18. Ba3 Qh4 19. Bxf8 Rxf8 20. Qe3 Nb6 21. Rfc1 Kd7 22. Bf1 Rac8 23. Qa3 Qe7 24. Rc5 Nc4 25. Bxc4 dxc4 26. Qf3 Rxc5 27. dxc5 Kc7 28. c6 b6 29. Qxh5 Qc5 30. Qe2 Rd8 31. Rd1 Rd4 32. Kf1 c3 33. Rxd4 Qxd4 34. Qc2 Qxe5 35. Qd3 Qd5 1-0

[Event "Costa Brava op 29th"]
[Site "Costa Brava"]
[Date "2016.11.19"]
[Round "7"]
[White "Coronado Iruela, Manuel"]
[Black "Vidal Zamora, Alex"]
[Result "0-1"]
[WhiteElo "2076"]
[BlackElo "2292"]
[PlyCount "99"]
[EventDate "2016.09.24"]
[EventType "swiss"]
[EventRounds "9"]
[EventCountry "ESP"]
[SourceTitle "EXT 2018"]
[Source "ChessBase"]
[SourceDate "2017.10.13"]
[SourceVersion "1"]
[SourceVersionDate "2017.10.13"]
[SourceQuality "1"]

1. c4 Nf6 2. g3 e6 3. Bg2 d5 4. Nf3 c6 5. cxd5 exd5 6. d4 Bd6 7. Nc3 0-0 8. 0-0 Re8 9. Bg5 h6 10. Bxf6 Qxf6 11. Re1 Bb4 12. Ne5 Nd7 13. Nxd7 Bxd7 14. e3 Bf5 15. Qb3 Qe7 16. Rac1 h5 17. a3 Bxc3 18. Rxc3 h4 19. Qd1 Qg5 20. b4 hxg3 21. hxg3 a6 22. a4 Re6 23. b5 axb5 24. axb5 Rh6 25. bxc6 bxc6 26. e4 Bg4 27. f3 Bh3 28. f4 Qg6 29. Qc2 Bxg2 30. Qxg2 Qh5 31. Rce3 Ra2 32. R3e2 Ra3 33. Kf2 g5 34. f5 Qg4 35. Re3 Ra2+ 36. R1e2 Rxe2+ 37. Rxe2 dxe4 38. Qxe4 Rh2+ 39. Kf1 Qxg3 40. Rxh2 Qxh2 41. Qe8+ Kg7 42. f6+ Kg6 43. Qe4+ Kh6 44. Qe7 Qf4+ 45. Kg2 Kg6 46. Qe8 Qxf6 47. Qg8+ Qg7 48. Qd8 Kh7 49. Qd7 Qg6 50. Kf3 0-1

[Event "Catalunya-chT Gp1"]
[Site "Barcelona"]
[Date "2016.01.23"]
[Round "1.4"]
[White "Coronado Iruela, Manuel"]
[Black "Oset Teixidor, Guerau"]
[Result "1/2-1/2"]
[WhiteElo "2076"]
[BlackElo "1973"]
[PlyCount "36"]
[EventDate "2016.01.23"]
[EventType "team-tourn"]
[EventRounds "7"]
[EventCountry "ESP"]
[SourceTitle "CBM 170 Extra"]
[Source "ChessBase"]
[SourceDate "2016.02.25"]
[SourceVersion "1"]
[SourceVersionDate "2016.02.25"]
[SourceQuality "1"]
[WhiteTeam "Figueres"]
[BlackTeam "Montcada"]
[WhiteTeamCountry "ESP"]
[BlackTeamCountry "ESP"]

1. Nf3 Nf6 2. g3 b6 3. Bg2 Bb7 4. c4 c5 5. Nc3 e6 6. 0-0 d6 7. b3 Be7 8. Bb2 Nbd7 9. d4 cxd4 10. Nxd4 Bxg2 11. Kxg2 Qc7 12. e3 0-0 13. Rc1 Rfd8 14. Qf3 Ne5 15. Qe2 Rac8 16. Rfd1 Qb7+ 17. f3 a6 18. e4 Nc6 1/2-1/2

[Event "Catalunya-chT GpA final"]
[Site "Barcelona"]
[Date "2015.03.14"]
[Round "8.4"]
[White "Ramirez Carrizo, Victor Jose"]
[Black "Coronado Iruela, Manuel"]
[Result "1/2-1/2"]
[WhiteElo "2119"]
[BlackElo "2075"]
[PlyCount "62"]
[EventDate "2015.03.14"]
[EventType "team-tourn"]
[EventRounds "11"]
[EventCountry "ESP"]
[SourceTitle "EXT 2016"]
[Source "ChessBase"]
[SourceDate "2015.10.08"]
[SourceVersion "1"]
[SourceVersionDate "2015.10.08"]
[SourceQuality "1"]
[WhiteTeam "Barbera"]
[BlackTeam "Figueres"]
[WhiteTeamCountry "ESP"]
[BlackTeamCountry "ESP"]

1. e4 e6 2. d4 d5 3. Nc3 Bb4 4. e5 b6 5. a3 Bf8 6. Nf3 Ne7 7. Bg5 Ba6 8. Bxa6 Nxa6 9. Qd3 Nb8 10. 0-0 Qd7 11. Ne2 h6 12. Bd2 a6 13. b3 Ng6 14. Ng3 c5 15. dxc5 Bxc5 16. Nh5 Kf8 17. c4 dxc4 18. Qxc4 Kg8 19. Rfd1 Qb7 20. Bb4 Bxb4 21. Qxb4 Kh7 22. Rd6 Nc6 23. Qe4 Rac8 24. Nd4 Na5 25. Qxb7 Nxb7 26. Rxb6 Rc7 27. f4 Rd8 28. Nf3 a5 29. Re1 Ne7 30. h3 Nd5 31. Ra6 Rc3 1/2-1/2

[Event "Palafrugell Gelpi Memorial 28th"]
[Site "Palafrugell"]
[Date "2015.??.??"]
[Round "5"]
[White "Balague Canadell, Jordi"]
[Black "Coronado Iruela, Manuel"]
[Result "1/2-1/2"]
[WhiteElo "2198"]
[BlackElo "2190"]
[PlyCount "43"]
[EventDate "2015.09.26"]
[EventType "swiss"]
[EventRounds "9"]
[EventCountry "ESP"]
[SourceTitle "EXT 2017"]
[Source "ChessBase"]
[SourceDate "2016.10.25"]
[SourceVersion "1"]
[SourceVersionDate "2016.10.25"]
[SourceQuality "1"]

1. Nf3 Nf6 2. d4 d5 3. c4 c6 4. e3 g6 5. Nc3 Bg7 6. Be2 0-0 7. 0-0 a6 8. Ne5 Be6 9. cxd5 Nxd5 10. Nd3 Nd7 11. Bd2 Rc8 12. Nxd5 Bxd5 13. Bc3 Bc4 14. Nf4 Bxe2 15. Nxe2 e6 16. Qb3 Qb6 17. Qxb6 Nxb6 18. Bb4 Rfe8 19. Nc3 Nd5 20. Nxd5 cxd5 21. Rac1 Bf8 22. Bxf8 1/2-1/2

[Event "Figueres op 15th"]
[Site "Figueres"]
[Date "2014.08.13"]
[Round "3"]
[White "Coronado Iruela, Manuel"]
[Black "Pinsach Gelabert, Alexandre"]
[Result "1-0"]
[WhiteElo "2070"]
[BlackElo "2140"]
[PlyCount "113"]
[EventDate "2014.08.11"]
[EventType "swiss"]
[EventRounds "9"]
[EventCountry "ESP"]
[SourceTitle "CBM 162 Extra"]
[Source "ChessBase"]
[SourceDate "2014.10.17"]
[SourceVersion "1"]
[SourceVersionDate "2014.10.17"]
[SourceQuality "1"]

1. c4 e6 2. Nc3 d5 3. d4 c5 4. cxd5 exd5 5. Nf3 Nc6 6. dxc5 d4 7. Na4 Bxc5 8. Nxc5 Qa5+ 9. Qd2 Qxc5 10. e3 dxe3 11. Qxe3+ Qxe3+ 12. Bxe3 Nge7 13. Bc4 0-0 14. 0-0 Bg4 15. Nd4 Ne5 16. Rfc1 Rac8 17. Bf1 Nd5 18. Bd2 a6 19. a3 Nb6 20. Rxc8 Rxc8 21. Rc1 Nec4 22. Bxc4 Nxc4 23. Bc3 f6 24. f3 Bd7 25. Ne2 Kf7 26. Kf2 b5 27. Rd1 Bf5 28. g4 Be6 29. h3 h5 30. Rd4 hxg4 31. hxg4 Rh8 32. Kg2 Ne3+ 33. Kg3 Bc4 34. Nf4 Nf1+ 35. Kf2 g5 36. Nh5 Re8 37. Rxc4 bxc4 38. Kxf1 f5 39. gxf5 Rd8 40. Ng3 Rd3 41. Kf2 Rd5 42. f6 Kg6 43. Ke3 Rd3+ 44. Kf2 Rd5 45. Ne4 Rf5 46. Ke3 Rd5 47. Nd2 Rc5 48. Kd4 Rc8 49. Kd5 Kf5 50. Nxc4 Rd8+ 51. Nd6+ Kf4 52. Bd2+ Kxf3 53. Bxg5 Kg4 54. Bd2 Kh5 55. f7 Kg6 56. Ke6 Kg7 57. Ne8+ 1-0

[Event "Palafrugell Gelpi Memorial 27th"]
[Site "Palafrugell"]
[Date "2012.11.03"]
[Round "7"]
[White "Vilar Lopez, Monica"]
[Black "Coronado Iruela, Manuel"]
[Result "1-0"]
[WhiteElo "2153"]
[BlackElo "2072"]
[PlyCount "99"]
[EventDate "2012.09.22"]
[EventType "swiss"]
[EventRounds "9"]
[EventCountry "ESP"]
[SourceTitle "EXT 2014"]
[Source "ChessBase"]
[SourceDate "2013.11.20"]
[SourceVersion "1"]
[SourceVersionDate "2013.11.20"]
[SourceQuality "1"]

1. e4 e6 2. d4 d5 3. e5 c5 4. c3 Qb6 5. Nf3 Nc6 6. Be2 cxd4 7. cxd4 Nh6 8. Nc3 Nf5 9. Na4 Qa5+ 10. Bd2 Bb4 11. Bc3 b5 12. a3 Bxc3+ 13. Nxc3 b4 14. axb4 Qxb4 15. Bb5 Bd7 16. Bxc6 Bxc6 17. Qd2 0-0 18. 0-0 Rfb8 19. g4 Ne7 20. Rfb1 a5 21. h4 Bd7 22. h5 h6 23. Kh1 Kh8 24. Qf4 Rf8 25. Qe3 Bb5 26. Rg1 Rac8 27. Nh4 Be8 28. g5 Ng8 29. gxh6 Nxh6 30. Rg3 Qe7 31. Rg5 f6 32. Rg6 Kh7 33. Qd3 f5 34. Qg3 f4 35. Qh3 Nf5 36. Nxf5 Rxf5 37. Rag1 Rc7 38. Kh2 Qf7 39. R1g2 Rb7 40. f3 Rc7 41. Rg1 Qf8 42. R1g2 Qf7 43. R2g4 Qf8 44. Rxe6 Rxh5 45. Rh4 g6 46. Qg4 Rxh4+ 47. Qxh4+ Kg8 48. Nxd5 Rh7 49. Nf6+ Qxf6 50. Rxe8+ 1-0

[Event "Palafrugell Gelpi Memorial 27th"]
[Site "Palafrugell"]
[Date "2012.10.13"]
[Round "4"]
[White "Coronado Iruela, Manuel"]
[Black "De Azua Arpi, Rafael"]
[Result "1/2-1/2"]
[WhiteElo "2072"]
[BlackElo "1955"]
[PlyCount "68"]
[EventDate "2012.09.22"]
[EventType "swiss"]
[EventRounds "9"]
[EventCountry "ESP"]
[SourceTitle "EXT 2014"]
[Source "ChessBase"]
[SourceDate "2013.11.20"]
[SourceVersion "1"]
[SourceVersionDate "2013.11.20"]
[SourceQuality "1"]

1. c4 e5 2. g3 g6 3. Nc3 Bg7 4. Bg2 Ne7 5. d3 d6 6. e4 Nbc6 7. Nge2 0-0 8. 0-0 f5 9. Nd5 Nxd5 10. cxd5 Ne7 11. Bg5 h6 12. Bxe7 Qxe7 13. Rc1 f4 14. f3 g5 15. g4 Qd7 16. Qb3 Kh8 17. Qc4 Rf7 18. Rc2 Bf6 19. Rfc1 Bd8 20. Nc3 c5 21. dxc6 bxc6 22. Na4 c5 23. Nc3 a5 24. Bf1 Ba6 25. Qa4 Qxa4 26. Nxa4 Rb8 27. b3 Kg7 28. Kg2 Kg6 29. Be2 Rh7 30. h3 Rd7 31. Nc3 Kf7 32. Kf2 Rdb7 33. Na4 Bb5 34. Nb2 Ke6 1/2-1/2

[Event "Vilanova op 37th"]
[Site "Salt"]
[Date "2011.04.29"]
[Round "1.6"]
[White "Coronado Iruela, Manuel"]
[Black "Foix Breto, Antoni"]
[Result "1-0"]
[WhiteElo "2103"]
[BlackElo "1724"]
[PlyCount "63"]
[EventDate "2011.04.29"]
[EventType "swiss"]
[EventRounds "9"]
[EventCountry "ESP"]
[SourceTitle "EXT 2024"]
[Source "ChessBase"]
[SourceDate "2023.10.10"]
[SourceVersion "1"]
[SourceVersionDate "2023.10.10"]
[SourceQuality "1"]

1. c4 Nf6 2. g3 e6 3. Bg2 d5 4. Nf3 b6 5. 0-0 Bb7 6. d4 Be7 7. Nc3 0-0 8. Ne5 Nbd7 9. cxd5 exd5 10. Qc2 c5 11. Nxd7 Qxd7 12. Rd1 Rac8 13. Bg5 Rfe8 14. e3 h6 15. Bxf6 Bxf6 16. Bf1 cxd4 17. exd4 Re4 18. Bd3 Rxd4 19. Bf5 Qc6 20. Bxc8 Rxd1+ 21. Qxd1 Qxc8 22. Nxd5 Qc6 23. Nxf6+ gxf6 24. f3 Qc5+ 25. Kg2 Qe5 26. Qd2 Qf5 27. Rf1 h5 28. Qf4 Qe6 29. Qb8+ Bc8 30. Rf2 a5 31. Rc2 Qh3+ 32. Kg1 1-0

[Event "Joan Gelpi Memorial 19th"]
[Site "Calella"]
[Date "2004.10.02"]
[Round "3"]
[White "Negre Moret, Albert"]
[Black "Coronado Iruela, Manuel"]
[Result "0-1"]
[WhiteElo "2165"]
[BlackElo "2202"]
[PlyCount "132"]
[EventDate "2004.09.19"]
[EventType "swiss"]
[EventRounds "9"]
[EventCountry "ESP"]
[SourceTitle "CBM 103 Extra"]
[Source "ChessBase"]
[SourceDate "2005.01.01"]
[SourceVersion "1"]
[SourceVersionDate "2005.01.01"]
[SourceQuality "1"]

1. e4 e6 2. d4 d5 3. Nc3 Nf6 4. Bg5 Bb4 5. e5 h6 6. Bd2 Bxc3 7. bxc3 Ne4 8. Qg4 g6 9. Bd3 Nxd2 10. Kxd2 c5 11. Nf3 Nc6 12. h4 c4 13. Be2 Bd7 14. Qf4 Qe7 15. Nh2 0-0-0 16. Ng4 h5 17. Nf6 Rdf8 18. g4 hxg4 19. Bxg4 Nb8 20. h5 gxh5 21. Rxh5 Rxh5 22. Bxh5 Be8 23. Rh1 Nd7 24. Nh7 Rh8 25. Bf3 Nf8 26. Nf6 Rxh1 27. Bxh1 Nd7 28. Nh7 Nf8 29. Qg5 Qxg5+ 30. Nxg5 Ng6 31. Bf3 Kd8 32. Bh5 Nh8 33. f4 Ke7 34. Nh7 Bd7 35. Bf3 Bc6 36. Bg4 Bd7 37. Nf6 Ng6 38. Ke3 Ba4 39. Bd1 Nh4 40. Kd2 Nf5 41. Bg4 Ng3 42. Bh3 a6 43. a3 Kf8 44. Bg4 Kg7 45. f5 exf5 46. Bf3 Ne4+ 47. Bxe4 dxe4 48. d5 Kf8 49. d6 Bc6 50. Ke3 Ba4 51. Nd5 Bc6 52. Ne7 Bd7 53. Nd5 Bc6 54. Nf4 Ke8 55. Kd4 Kd7 56. Kxc4 f6 57. Kd4 fxe5+ 58. Kxe5 e3 59. Ne6 e2 60. Nc5+ Kd8 61. Nd3 Be4 62. Ne1 Kd7 63. c4 b6 64. c3 a5 65. c5 bxc5 66. c4 a4 0-1